000
00409nam a2200145Ia 4500
008
100204s9999 xx 000 0 und d
082
_b
22772
100
_a
नंदा गुलशन
245
_a
माधवी
260
_b
"अशोक पॉकेट बुक्स, दिल्ली"
_c
14
300
_a
178
630
_a
माधवी
730
_a
माधवी
942
_c
BOOK
999
_c
467873
_d
467870